Państwa bałkańskie - Quiz na mapie - Statystyki

Ogólne statystyki
  • Ten quiz został rozwiązany 2 314 razy
  • Średni wynik to 9 z 11
Odpowiedzi na mapie
Odpowiedzi zakodowano w zielono-czerwonej skali na mapie do tego quizu, zgodnie z poniższymi procentami.
 
Statystyki odpowiedzi
Odpowiedź % Poprawnych
Grecja
87%
Turcja
83%
Chorwacja
81%
Rumunia
80%
Bułgaria
78%
Mołdawia
78%
Albania
77%
Bośnia i
Hercegowina
77%
Serbia
74%
Czarnogóra
73%
Macedonia
Północna
73%
Nie znaleziono quizów pasujących do podanych kryteriów
Rozkład punktacji
Procent ludzi z każdym wynikiem
Percentyl według liczby udzielonych odpowiedzi
Twoja historia wyników
Nie rozwiązałeś tego quizu